000 00350nam a2200133Ia 4500
008 220217s9999||||xx |||||||||||||| ||und||
020 _a9788174468956
100 _aRao, V.S.P
245 0 _aHuman resource management
250 _a3
260 _aS.Chand and company Ltd.
_bNew Delhi
_c2016
300 _aXX, 839p.
_b1299
650 _aMANAGEMENT
999 _c188510
_d188510